[Event "Tatry Open 2014"]
[Site "Tatranske Zruby SVK"]
[Date "2014.09.28"]
[Round "1.1"]
[White "Biolek, R2."]
[Black "Privara, I."]
[Result "1-0"]
[WhiteElo "2432"]
[BlackElo "2205"]
[PlyCount "122"]
[EventDate "2014.09.28"]

1. c4 e6 2. Nf3 d5 3. e3 c5 4. d4 Nf6 5. Nc3 Nc6 6. a3 a6 7. cxd5 exd5 8. dxc5
Bxc5 9. Be2 O-O 10. O-O Re8 11. Nd4 Ne5 12. Qc2 Bg4 13. Rd1 Rc8 14. Bxg4 Nexg4
15. h3 Ne5 16. Nde2 Ng6 17. Qb3 Qc7 18. Nxd5 Nxd5 19. Rxd5 Ba7 20. Bd2 Bb8 21.
Ng3 Qc2 22. Qxc2 Rxc2 23. Bc3 Bxg3 24. fxg3 h6 25. Re1 Nf8 26. Kf1 Ne6 27. Rd2
Rxd2 28. Bxd2 Nc5 29. Ke2 f5 30. Rc1 Ne4 31. Be1 Re7 32. g4 fxg4 33. hxg4 Kf7
34. Rc4 Nf6 35. Kf3 b5 36. Rc6 Re6 37. Rxe6 Kxe6 38. Bc3 Ne8 39. Kf4 g6 40. Be5
Kd5 41. b3 Ke6 42. Ke4 Ke7 43. Kd5 Kd7 44. e4 Ke7 45. Bc3 Kd7 46. e5 Nc7+ 47.
Kc5 Ne6+ 48. Kb6 Nc7 49. Ba5 Ne6 50. Kxa6 Kc6 51. Bb6 Nf4 52. Be3 Nxg2 53. Bxh6
Ne1 54. e6 Nd3 55. e7 Nc5+ 56. Ka5 Nb7+ 57. Kb4 Nd6 58. Bf4 Ne8 59. Bg5 Nd6 60.
a4 bxa4 61. Kxa4 Kb6 1-0

[Event "Tatry Open 2014"]
[Site "Tatranske Zruby SVK"]
[Date "2014.09.28"]
[Round "1.2"]
[White "Sorkovsky, M."]
[Black "Cech, P."]
[Result "1/2-1/2"]
[WhiteElo "2204"]
[BlackElo "2424"]
[PlyCount "72"]
[EventDate "2014.09.28"]

1. e4 e6 2. d4 d5 3. Nc3 Bb4 4. e5 c5 5. a3 Bxc3+ 6. bxc3 Ne7 7. Qg4 Qc7 8.
Qxg7 Rg8 9. Qxh7 cxd4 10. Ne2 Nbc6 11. f4 dxc3 12. Qd3 d4 13. Nxd4 Nxd4 14.
Qxd4 Bd7 15. Rg1 Nf5 16. Qf2 Qc6 17. Bd3 Qd5 18. Rb1 Bc6 19. Rb3 O-O-O 20. Rxc3
Kb8 21. Rc5 Qa2 22. Rxc6 Qa1 23. Rc4 Qxc1+ 24. Ke2 Qxa3 25. Bxf5 exf5 26. Qc5
Qa6 27. Qc7+ Ka8 28. Ke3 Qe6 29. Rb1 Qd5 30. g3 Qg2 31. Rd1 Rxg3+ 32. hxg3
Qxg3+ 33. Ke2 Qg2+ 34. Ke3 Qg3+ 35. Ke2 Qh2+ 36. Ke3 Qg3+ 1/2-1/2

[Event "Tatry Open 2014"]
[Site "Tatranske Zruby SVK"]
[Date "2014.09.28"]
[Round "1.4"]
[White "Dobrotka, M."]
[Black "Jasny, S."]
[Result "0-1"]
[WhiteElo "2189"]
[BlackElo "2409"]
[PlyCount "64"]
[EventDate "2014.09.28"]

1. Nf3 c5 2. c4 g6 3. Nc3 Bg7 4. g3 Nc6 5. Bg2 e6 6. O-O Nge7 7. d3 O-O 8. Be3
d6 9. Qc1 Nf5 10. Bg5 Qd7 11. e4 Nfd4 12. Nxd4 Nxd4 13. Bh6 Rb8 14. Bxg7 Kxg7
15. Qd2 b5 16. b3 bxc4 17. dxc4 Bb7 18. Rae1 e5 19. f4 f6 20. f5 g5 21. g4 Rh8
22. h4 h5 23. hxg5 hxg4 24. Re3 Rh4 25. Rg3 Rbh8 26. Qd1 fxg5 27. Rxg4 Kf6 28.
Kf2 Qh7 29. Nb5 Qh5 30. Nxd4 Rxg4 31. Nf3 Ke7 32. f6+ Ke6 0-1

[Event "Tatry Open 2014"]
[Site "Tatranske Zruby SVK"]
[Date "2014.09.28"]
[Round "1.5"]
[White "Zambo, Z."]
[Black "Rous, D."]
[Result "1-0"]
[WhiteElo "2382"]
[BlackElo "2188"]
[PlyCount "59"]
[EventDate "2014.09.28"]

1. d4 Nf6 2. c4 g6 3. Nc3 d5 4. Nf3 Bg7 5. Bg5 Ne4 6. Bh4 Nxc3 7. bxc3 c5 8.
cxd5 Qxd5 9. e3 Nc6 10. Be2 O-O 11. O-O cxd4 12. cxd4 e5 13. dxe5 Qxd1 14.
Raxd1 Nxe5 15. Nd4 Bd7 16. Rb1 Nc6 17. Rxb7 Nxd4 18. exd4 Be6 19. Rd1 Bxa2 20.
d5 f6 21. Rd2 g5 22. Bg3 f5 23. Bc7 Bxd5 24. Rxd5 Rf7 25. Ra5 Re7 26. Bc4+ Kh8
27. Raxa7 Rxa7 28. Rxa7 Re1+ 29. Bf1 Bd4 30. Ra4 1-0

[Event "Tatry Open 2014"]
[Site "Tatranske Zruby SVK"]
[Date "2014.09.28"]
[Round "1.6"]
[White "Kubik, M."]
[Black "Vojta, T."]
[Result "0-1"]
[WhiteElo "2177"]
[BlackElo "2373"]
[PlyCount "88"]
[EventDate "2014.09.28"]

1. e4 Nf6 2. e5 Nd5 3. d4 d6 4. c4 Nb6 5. exd6 cxd6 6. d5 e5 7. Bd3 Be7 8. Ne2
Na6 9. Nd2 O-O 10. O-O f5 11. Re1 Bd7 12. a3 Bf6 13. Rb1 Qc7 14. b3 Rac8 15.
Nf1 Rce8 16. Nfg3 g6 17. Bd2 Nc5 18. Bc2 Bg7 19. a4 Nc8 20. b4 Na6 21. Bb3 Kh8
22. a5 Ne7 23. f4 e4 24. Ba2 b6 25. Bc3 bxa5 26. Bxg7+ Kxg7 27. Qd4+ Kg8 28.
bxa5 Nc5 29. Qc3 Nd3 30. Rf1 Kf7 31. h3 Rb8 32. Kh2 Ng8 33. Nd4 Nf6 34. Nge2 a6
35. Qa3 Nc5 36. Rfd1 Rfe8 37. Qc3 h5 38. Ng3 h4 39. Nf1 Nd3 40. Ne2 Qc5 41. Qd2
Ba4 42. Rdc1 Nxc1 43. Rxc1 e3 44. Qe1 Rb2 0-1

[Event "Tatry Open 2014"]
[Site "Tatranske Zruby SVK"]
[Date "2014.09.28"]
[Round "1.7"]
[White "Berezjuk, S."]
[Black "Frindt, K."]
[Result "1-0"]
[WhiteElo "2371"]
[BlackElo "2176"]
[PlyCount "119"]
[EventDate "2014.09.28"]

1. e4 c5 2. Nf3 Nc6 3. Bb5 g6 4. Bxc6 dxc6 5. h3 Bg7 6. d3 Nf6 7. Nc3 Nd7 8.
Be3 b6 9. Qd2 h6 10. O-O Nf8 11. Bf4 g5 12. Be3 e5 13. a3 Ne6 14. b4 Nd4 15.
Bxd4 cxd4 16. Ne2 Bf6 17. c3 g4 18. Nh2 gxh3 19. g3 dxc3 20. Qxc3 Qd6 21. Rac1
Bd7 22. Rfd1 O-O-O 23. a4 h5 24. b5 c5 25. a5 Kb7 26. Ra1 Bxb5 27. Qb3 a6 28.
Nc3 Qe6 29. Qb2 Bxd3 30. axb6 Qxb6 31. Qa2 Qe6 32. Qa5 Qc6 33. f3 Rd4 34. Nd5
Bd8 35. Qa3 Bb5 36. Rdb1 Bb6 37. Qa2 Rd8 38. Nf1 c4 39. Kh1 R8xd5 40. exd5 Qxd5
41. Nh2 Rd2 42. Qa3 Qc5 43. Qxc5 Bxc5 44. Rd1 Rg2 45. g4 hxg4 46. Nxg4 Bd4 47.
Rac1 Kb6 48. Nf6 c3 49. Nd5+ Kb7 50. Nxc3 Bc6 51. Ne4 Kc7 52. Rc4 Kd7 53. Nf6+
Kd6 54. Ne4+ Kd5 55. Rc5+ Ke6 56. Rxc6+ Ke7 57. Rh6 f5 58. Rxh3 Rg7 59. Ng3 Rg5
60. f4 1-0

[Event "Tatry Open 2014"]
[Site "Tatranske Zruby SVK"]
[Date "2014.09.28"]
[Round "1.8"]
[White "Janousek, P."]
[Black "Langner, L1."]
[Result "0-1"]
[WhiteElo "2174"]
[BlackElo "2363"]
[PlyCount "128"]
[EventDate "2014.09.28"]

1. e4 c5 2. c3 Nf6 3. e5 Nd5 4. d4 cxd4 5. cxd4 d6 6. Bc4 Nb6 7. Bb5+ Bd7 8. e6
Bxb5 9. Qh5 Qc8 10. Qxb5+ Qc6 11. exf7+ Kxf7 12. Qg5 N8d7 13. Nf3 h6 14. Qf5+
Nf6 15. O-O g6 16. Qd3 Qc4 17. Qd1 Rc8 18. Nc3 Nbd5 19. Bd2 Bg7 20. Re1 Nb4 21.
Re3 Nfd5 22. Nxd5 Nxd5 23. Rb3 b6 24. Be3 Rc6 25. Nh4 Rhc8 26. h3 Nxe3 27. fxe3
Qc1 28. Rxc1 Rxc1 29. Qxc1 Rxc1+ 30. Kf2 Rc2+ 31. Kg3 e5 32. Rc3 Rxc3 33. bxc3
e4 34. Kf2 Bf6 35. g3 Bxh4 36. gxh4 b5 37. Kg3 Ke6 38. Kg4 Kd5 39. h5 gxh5+ 40.
Kxh5 Kc4 41. Kxh6 Kd3 42. Kg6 Kxe3 43. h4 Kd3 44. h5 e3 45. h6 e2 46. h7 e1=Q
47. h8=Q Qxc3 48. Qb8 Qxd4 49. Qxb5+ Kd2 50. Qb8 a5 51. a4 Qe4+ 52. Kh5 d5 53.
Qb2+ Ke3 54. Qc3+ Kf4 55. Qd2+ Kf5 56. Qg5+ Ke6 57. Qg8+ Ke5 58. Qh8+ Kf4 59.
Qh6+ Kf3 60. Qf6+ Kg3 61. Qg5+ Kh3 62. Qd2 Qe5+ 63. Kh6 d4 64. Qd3+ Qe3+ 0-1

[Event "Tatry Open 2014"]
[Site "Tatranske Zruby SVK"]
[Date "2014.09.28"]
[Round "1.9"]
[White "Lanc, A."]
[Black "Polacik, I."]
[Result "0-1"]
[WhiteElo "2363"]
[BlackElo "2173"]
[PlyCount "92"]
[EventDate "2014.09.28"]

1. e4 e5 2. f4 exf4 3. Nf3 d6 4. d4 g5 5. Bc4 Bg7 6. O-O h6 7. c3 Ne7 8. g3 Ng6
9. gxf4 gxf4 10. Kh1 Qe7 11. Nbd2 Nc6 12. Rg1 Bd7 13. b4 Nd8 14. Nb3 Ne6 15.
Bxe6 Qxe6 16. Qc2 Qh3 17. Ne1 Bf6 18. Bb2 O-O-O 19. Nd2 Rhg8 20. Qd3 Bh4 21.
Qxh3 Bxh3 22. Nd3 d5 23. exd5 Bf5 24. Ne1 Bf2 25. Rg2 Be3 26. Ndf3 Bh3 27. c4
Bxg2+ 28. Nxg2 Rde8 29. Rf1 f6 30. b5 Rg7 31. Ba3 Reg8 32. d6 Nf8 33. Ngh4 cxd6
34. Nf5 Rd7 35. Bxd6 Kd8 36. c5 Ne6 37. Rd1 Ng5 38. Nxg5 Rxg5 39. Nxe3 fxe3 40.
Bf4 Rxc5 41. Bxe3 Rxb5 42. Bxh6 Re7 43. Rd2 Re4 44. d5 Reb4 45. d6 Rb1+ 46. Kg2
R1b2 0-1

[Event "Tatry Open 2014"]
[Site "Tatranske Zruby SVK"]
[Date "2014.09.28"]
[Round "1.10"]
[White "Koval, A."]
[Black "Vojtek, V."]
[Result "0-1"]
[WhiteElo "2170"]
[BlackElo "2336"]
[PlyCount "158"]
[EventDate "2014.09.28"]

1. e4 c5 2. Nf3 d6 3. c3 Nf6 4. Bb5+ Bd7 5. Qe2 e6 6. O-O Bxb5 7. Qxb5+ Qd7 8.
Qe2 Nc6 9. d4 d5 10. e5 Ne4 11. Nbd2 Nxd2 12. Bxd2 Be7 13. dxc5 Bxc5 14. Be3
Qe7 15. Rad1 O-O 16. Bxc5 Qxc5 17. Nd4 Rae8 18. Kh1 f6 19. Nxc6 bxc6 20. f4
fxe5 21. Qxe5 Rf5 22. Qc7 Re7 23. Qb8+ Rf8 24. Qe5 h6 25. b4 Qb6 26. f5 Rf6 27.
Rde1 Ref7 28. g4 Qd8 29. Rf2 exf5 30. gxf5 Qf8 31. Ref1 Re7 32. Qd4 Qf7 33. Qg4
Re4 34. Rf4 Re5 35. Kg2 Qe7 36. R1f2 Re1 37. c4 Qe5 38. cxd5 cxd5 39. Qf3 Re4
40. Rxe4 dxe4 41. Qf4 Qd5 42. Re2 e3+ 43. Qf3 Qb5 44. Qxe3 Qxb4 45. Rf2 Qb7+
46. Qf3 Qd7 47. Qe4 Qf7 48. h3 Ra6 49. Qc2 Qd5+ 50. Kh2 Qe5+ 51. Kg2 Rf6 52.
Qc4+ Kh7 53. Qd3 Qc5 54. Qe4 Qc1 55. Qf4 Qe1 56. Qd4 a6 57. Qd3 Qe5 58. Rf1 Rd6
59. Qf3 Rd4 60. Rf2 Qf6 61. Qe3 Rc4 62. Qd3 Rc3 63. Qe4 Ra3 64. Qg4 Qc6+ 65.
Kh2 Ra4 66. Qg2 Qxg2+ 67. Kxg2 Kg8 68. Kg3 Kf7 69. h4 Kf6 70. Kh3 Rc4 71. Kg3
h5 72. Kh3 Rc3+ 73. Kg2 Rc5 74. Rb2 Kxf5 75. Rf2+ Kg4 76. Rf7 Rc2+ 77. Kf1 g6
78. Rf6 Rxa2 79. Rxg6+ Kxh4 0-1

[Event "Tatry Open 2014"]
[Site "Tatranske Zruby SVK"]
[Date "2014.09.28"]
[Round "1.11"]
[White "Petran, Pe"]
[Black "Bojda, L."]
[Result "1/2-1/2"]
[WhiteElo "2327"]
[BlackElo "2167"]
[PlyCount "112"]
[EventDate "2014.09.28"]

1. Nf3 d6 2. d4 Nf6 3. Nc3 Bg4 4. e4 e6 5. Bd3 d5 6. O-O Be7 7. Qe2 O-O 8. h3
Bh5 9. Be3 c5 10. exd5 exd5 11. g4 c4 12. Bxc4 Bxg4 13. hxg4 dxc4 14. Ne5 Nc6
15. Rad1 Re8 16. Qxc4 Qc8 17. g5 Nxe5 18. Qxc8 Raxc8 19. dxe5 Ng4 20. Bxa7 Nxe5
21. f4 Nc4 22. b3 Na3 23. Nd5 Nxc2 24. Nxe7+ Rxe7 25. Rf2 Ne3 26. Re2 Nxd1 27.
Rxe7 b5 28. Bd4 b4 29. Rb7 Nc3 30. Rxb4 Nxa2 31. Rb7 h6 32. gxh6 gxh6 33. Kf2
Nc1 34. Kf3 Rd8 35. Ke4 f5+ 36. Ke3 Rd5 37. b4 h5 38. b5 h4 39. b6 Nb3 40. Be5
Na5 41. Rg7+ Kf8 42. b7 Rb5 43. Rg5 Rxb7 44. Rxf5+ Ke8 45. Rh5 Nc4+ 46. Ke4
Nxe5 47. fxe5 Rb4+ 48. Kf5 Ke7 49. Rh7+ Ke8 50. Kf6 Rf4+ 51. Ke6 Kf8 52. Kd5
Ra4 53. e6 Ke8 54. Kd6 Ra6+ 55. Ke5 Ra4 56. Kf5 Rb4 1/2-1/2

[Event "Tatry Open 2014"]
[Site "Tatranske Zruby SVK"]
[Date "2014.09.28"]
[Round "1.12"]
[White "Kolesar, Mil"]
[Black "Michenka, J."]
[Result "0-1"]
[WhiteElo "2166"]
[BlackElo "2326"]
[PlyCount "42"]
[EventDate "2014.09.28"]

1. Nf3 Nf6 2. c4 e6 3. Nc3 d5 4. d4 Nbd7 5. Bf4 dxc4 6. e4 Bb4 7. Qc2 c5 8. Bd6
Qa5 9. O-O-O cxd4 10. Rxd4 Bxd6 11. Rxd6 Qc5 12. Rd2 b5 13. h4 Bb7 14. Ng5 h6
15. Nh3 Rc8 16. f3 Nb6 17. a3 a5 18. Be2 b4 19. Nb1 O-O 20. g4 Qe3 21. Kd1 Nxe4
0-1

[Event "Tatry Open 2014"]
[Site "Tatranske Zruby SVK"]
[Date "2014.09.28"]
[Round "1.13"]
[White "Jossien, A."]
[Black "Obona, J."]
[Result "1/2-1/2"]
[WhiteElo "2326"]
[BlackElo "2166"]
[PlyCount "46"]
[EventDate "2014.09.28"]

1. Nf3 d5 2. g3 Nf6 3. Bg2 c6 4. d3 Bg4 5. Nbd2 Nbd7 6. h3 Bh5 7. c4 e6 8. g4
Bg6 9. Nh4 dxc4 10. Nxc4 Nd5 11. Nxg6 hxg6 12. e4 N5b6 13. O-O Nxc4 14. dxc4
Ne5 15. Qb3 Qc7 16. Rd1 Bc5 17. Qc3 a5 18. Bf4 f6 19. g5 Kf7 20. Bg3 Rad8 21.
Kf1 Rxd1+ 22. Rxd1 Rd8 23. Rxd8 Qxd8 1/2-1/2

[Event "Tatry Open 2014"]
[Site "Tatranske Zruby SVK"]
[Date "2014.09.28"]
[Round "1.14"]
[White "Klemanic, E."]
[Black "Jarmula, L."]
[Result "0-1"]
[WhiteElo "2160"]
[BlackElo "2314"]
[PlyCount "76"]
[EventDate "2014.09.28"]

1. e4 c5 2. Nc3 d6 3. g3 Nc6 4. Bg2 g6 5. d3 Bg7 6. f4 e6 7. Nf3 Nge7 8. O-O
O-O 9. Be3 b6 10. d4 Ba6 11. Re1 Rc8 12. Qd2 cxd4 13. Nxd4 Na5 14. Rad1 Nc4 15.
Qc1 b5 16. Bf2 Qa5 17. Nb3 Qc7 18. Bd4 Bxd4+ 19. Nxd4 b4 20. Nb1 e5 21. fxe5
dxe5 22. Nf3 Kg7 23. b3 Nd6 24. Qe3 Nb5 25. Rd2 Rfd8 26. Red1 Rxd2 27. Rxd2 Qa5
28. Nxe5 Qxa2 29. Qf3 f6 30. Rf2 Ng8 31. c4 Qxb1+ 32. Rf1 Qb2 33. cxb5 Bxb5 34.
Nc4 Bxc4 35. bxc4 Rxc4 36. e5 Qxe5 37. Qb7+ Qc7 38. Qb5 Qc5+ 0-1

[Event "Tatry Open 2014"]
[Site "Tatranske Zruby SVK"]
[Date "2014.09.28"]
[Round "1.15"]
[White "Constantinou, Pe"]
[Black "Barrish, Daniel"]
[Result "1-0"]
[WhiteElo "2311"]
[BlackElo "2144"]
[PlyCount "147"]
[EventDate "2014.09.28"]

1. d4 Nf6 2. Bg5 Ne4 3. Bf4 d5 4. e3 c5 5. Bd3 Nf6 6. c3 Nc6 7. Nd2 e6 8. Ngf3
h6 9. Ne5 Nxe5 10. Bxe5 Be7 11. O-O O-O 12. Bxf6 Bxf6 13. f4 Qb6 14. Qb1 Bd7
15. a4 a5 16. Nf3 Qc7 17. Ne5 Bxe5 18. fxe5 c4 19. Bh7+ Kh8 20. Bc2 b5 21. Qd1
Qd8 22. axb5 Bxb5 23. Rf4 f5 24. exf6 Rxf6 25. Qg4 Rxf4 26. exf4 Qf6 27. Re1
Bd7 28. Re2 a4 29. Qg6 Qxg6 30. Bxg6 Rf8 31. f5 Rf6 32. fxe6 Rxe6 33. Rxe6 Bxe6
34. Be8 Kg8 35. Kf2 Kf8 36. Bxa4 Ke7 37. Ke3 g5 38. b3 cxb3 39. Bxb3 Kd6 40.
Bd1 Bf5 41. Be2 Be6 42. Kd2 Bf7 43. g3 Bg6 44. Bd3 Bf7 45. Ke3 Be6 46. Bg6 Kd7
47. Kf3 Ke7 48. Bh5 Bf5 49. Bg4 Be4+ 50. Ke3 Bg6 51. Bh3 Kd6 52. Bf1 Bf7 53.
Kd2 Bg8 54. c4 dxc4 55. Kc3 h5 56. Bxc4 Bh7 57. h4 gxh4 58. gxh4 Be4 59. Be2
Ke7 60. Bxh5 Kf6 61. Bg4 Bd5 62. Kb4 Kg7 63. Kc5 Bg2 64. Kd6 Kf6 65. Bd1 Kf5
66. Ke7 Bd5 67. Bh5 Bb7 68. Kf7 Kf4 69. Bg6 Bf3 70. Kg7 Bg4 71. Kf6 Bf3 72. d5
Bxd5 73. h5 Bg8 74. Kg7 1-0

[Event "Tatry Open 2014"]
[Site "Tatranske Zruby SVK"]
[Date "2014.09.28"]
[Round "1.16"]
[White "Mrva, V."]
[Black "Nayhebaver, Martin"]
[Result "1/2-1/2"]
[WhiteElo "2138"]
[BlackElo "2301"]
[PlyCount "83"]
[EventDate "2014.09.28"]

1. e4 c5 2. Nf3 d6 3. Bb5+ Nd7 4. O-O a6 5. Bd3 Ngf6 6. Re1 e5 7. c3 Be7 8. Bc2
O-O 9. d4 Re8 10. dxe5 dxe5 11. Nbd2 b5 12. c4 Qc7 13. b3 Bb7 14. Bb2 Bf8 15.
Bd3 b4 16. Qc2 Nb8 17. Nf1 Nc6 18. Ne3 Nd4 19. Bxd4 cxd4 20. Nd5 Qd8 21. Qd2 a5
22. Qg5 Nd7 23. Qxd8 Rexd8 24. Red1 Bd6 25. Ne1 Nc5 26. f3 g6 27. Bc2 Kg7 28.
Nd3 Ne6 29. Re1 Bc6 30. Re2 Rdb8 31. Rae1 Rb7 32. Kf1 f6 33. Rb1 Nf8 34. Rbe1
Nd7 35. g4 Rh8 36. Rg2 h5 37. h3 Nf8 38. Ke2 Ne6 39. Reg1 Ng5 40. h4 Nh3 41.
Rh1 Nf4+ 42. N3xf4 1/2-1/2

[Event "Tatry Open 2014"]
[Site "Tatranske Zruby SVK"]
[Date "2014.09.28"]
[Round "1.17"]
[White "Kernazhitsky, L."]
[Black "Vanka, M."]
[Result "1-0"]
[WhiteElo "2298"]
[BlackElo "2135"]
[PlyCount "47"]
[EventDate "2014.09.28"]

1. e4 c5 2. Nf3 e6 3. d4 cxd4 4. Nxd4 a6 5. Nc3 Qc7 6. Bd3 Nf6 7. f4 d6 8. Qe2
e5 9. Nf3 Bg4 10. h3 Bxf3 11. Qxf3 Nc6 12. Be3 Be7 13. g4 exf4 14. Bxf4 h6 15.
O-O-O Ne5 16. Qf2 Qa5 17. Kb1 b5 18. Ne2 O-O 19. Nd4 Qc7 20. Nf5 Kh7 21. Rhf1
Ng8 22. Ne3 Bd8 23. Nd5 Qb7 24. Bxe5 1-0

[Event "Tatry Open 2014"]
[Site "Tatranske Zruby SVK"]
[Date "2014.09.28"]
[Round "1.18"]
[White "Valenta, V jr"]
[Black "Pagerka, M."]
[Result "0-1"]
[WhiteElo "2134"]
[BlackElo "2297"]
[PlyCount "44"]
[EventDate "2014.09.28"]

1. e4 c5 2. Nc3 e6 3. Nf3 Nc6 4. d4 cxd4 5. Nxd4 Qc7 6. Be2 a6 7. O-O b5 8. Be3
Bb7 9. Nxc6 Bxc6 10. Bf3 Bd6 11. g3 Nf6 12. a3 h5 13. Re1 h4 14. Bg2 hxg3 15.
hxg3 Bb7 16. Bd4 Bc5 17. Bxc5 Qxc5 18. e5 Bxg2 19. Kxg2 Rh2+ 20. Kxh2 Qxf2+ 21.
Kh3 O-O-O 22. Re4 Nxe4 0-1

[Event "Tatry Open 2014"]
[Site "Tatranske Zruby SVK"]
[Date "2014.09.28"]
[Round "1.19"]
[White "Vul, A."]
[Black "Gumularz, Szymon"]
[Result "1-0"]
[WhiteElo "2294"]
[BlackElo "2132"]
[PlyCount "67"]
[EventDate "2014.09.28"]

1. Nf3 g6 2. d4 Bg7 3. c4 Nf6 4. g3 d5 5. Bg2 O-O 6. O-O dxc4 7. Na3 Nc6 8.
Nxc4 Be6 9. b3 Bd5 10. Bb2 a5 11. Rc1 a4 12. bxa4 Ra6 13. Nfe5 Bxg2 14. Kxg2
Qa8 15. Nxc6 Rxc6 16. d5 Ra6 17. Bxf6 Bxf6 18. a5 b5 19. axb6 cxb6 20. a4 e6
21. e4 Rd8 22. Qf3 exd5 23. Ne3 Bg7 24. Nxd5 Rxa4 25. Nxb6 Qxe4 26. Nxa4 Qxa4
27. Rc7 Qa2 28. Re1 h5 29. Re2 Qd5 30. Qxd5 Rxd5 31. Re8+ Kh7 32. Rxf7 Kh6 33.
Ree7 Bc3 34. h4 1-0

[Event "Tatry Open 2014"]
[Site "Tatranske Zruby SVK"]
[Date "2014.09.28"]
[Round "1.20"]
[White "Konak, J."]
[Black "Veleski, R."]
[Result "1/2-1/2"]
[WhiteElo "2132"]
[BlackElo "2284"]
[PlyCount "75"]
[EventDate "2014.09.28"]

1. d4 Nf6 2. c4 g6 3. Nf3 Bg7 4. g3 O-O 5. Bg2 d6 6. O-O c5 7. d5 e6 8. Nc3
exd5 9. cxd5 Re8 10. Nd2 b6 11. Nc4 Ba6 12. Qb3 Bxc4 13. Qxc4 a6 14. Qh4 Nfd7
15. Bg5 f6 16. Bh6 Ne5 17. Bxg7 Kxg7 18. a4 Nbd7 19. b3 Qe7 20. Qe4 Nf7 21. Qc2
Qe5 22. Rae1 Re7 23. e3 Qh5 24. f4 Rae8 25. Bf3 Qh6 26. Qd3 f5 27. Re2 Nf6 28.
Rfe1 a5 29. Qb5 Rb8 30. Qc6 Ne4 31. Nxe4 fxe4 32. Bg4 g5 33. Be6 Rbb7 34. Rf1
Rec7 35. Qe8 Re7 36. Qc6 Rec7 37. Qe8 Re7 38. Qc6 1/2-1/2

[Event "Tatry Open 2014"]
[Site "Tatranske Zruby SVK"]
[Date "2014.09.28"]
[Round "1.21"]
[White "Sikorova, O."]
[Black "Splichal, S."]
[Result "1-0"]
[WhiteElo "2282"]
[BlackElo "2129"]
[PlyCount "149"]
[EventDate "2014.09.28"]

1. e4 c6 2. Nc3 d5 3. Nf3 Bg4 4. h3 Bxf3 5. Qxf3 Nf6 6. d3 e6 7. Bd2 Nbd7 8. g4
Bb4 9. g5 Ng8 10. Qe3 Ne7 11. Bg2 dxe4 12. Bxe4 Qb6 13. Qxb6 Nxb6 14. a3 Bd6
15. Ne2 f5 16. gxf6 gxf6 17. Rg1 Kf7 18. Bf3 Rhg8 19. O-O-O Rxg1 20. Rxg1 Rg8
21. Bh5+ Ng6 22. c4 c5 23. Kc2 Nd7 24. b4 b6 25. Bc3 Rc8 26. Kb3 Be5 27. d4
cxd4 28. Nxd4 f5 29. Rd1 Kf6 30. Bxg6 hxg6 31. Nxf5 gxf5 32. Rxd7 Rh8 33. Rd3
Bxc3 34. Rxc3 Ke5 35. Re3+ Kd4 36. Rf3 Ke4 37. Re3+ Kd4 38. Rxe6 Rxh3+ 39. Ka4
Kxc4 40. Rc6+ Kd5 41. b5 Rf3 42. Rc2 f4 43. Kb4 Rd3 44. Rc7 Ke4 45. Rxa7 Rd4+
46. Kc3 Rd3+ 47. Kc2 Rd5 48. a4 Rd4 49. Ra6 Kd5 50. Kc3 Kc5 51. Ra8 Re4 52.
Rc8+ Kd5 53. Rd8+ Kc5 54. Rc8+ Kd5 55. Kb3 Re1 56. Rc6 Rb1+ 57. Ka2 Rf1 58.
Rxb6 Rxf2+ 59. Kb3 Rf1 60. Rf6 Kc5 61. Rf5+ Kb6 62. Kb4 Rb1+ 63. Kc4 Rc1+ 64.
Kd3 Rd1+ 65. Kc4 Rc1+ 66. Kb3 Rb1+ 67. Kc3 Rc1+ 68. Kb2 Rc4 69. Kb3 Re4 70.
Rf6+ Kc7 71. a5 Kb7 72. Rf7+ Kb8 73. a6 Re1 74. Kb4 Ra1 75. Kc5 1-0

[Event "Tatry Open 2014"]
[Site "Tatranske Zruby SVK"]
[Date "2014.09.28"]
[Round "1.22"]
[White "Jablonicky, F."]
[Black "Zambor, N."]
[Result "0-1"]
[WhiteElo "2126"]
[BlackElo "2279"]
[PlyCount "56"]
[EventDate "2014.09.28"]

1. Nf3 c5 2. c4 Nc6 3. d4 cxd4 4. Nxd4 e5 5. Nc2 d6 6. Nc3 Be6 7. e4 Be7 8. Be2
Qd7 9. Be3 Bd8 10. Qd2 f5 11. exf5 Bxf5 12. O-O-O Be7 13. Nb5 Rd8 14. f4 a6 15.
Nc3 Nf6 16. h3 exf4 17. Bxf4 O-O 18. Nd4 Bg6 19. Rhf1 d5 20. cxd5 Nb4 21. d6
Rc8 22. Qe3 Bxd6 23. Bxd6 Qxd6 24. Nf5 Nxa2+ 25. Kb1 Nxc3+ 26. Qxc3 Qe6 27. Qd3
Rc5 28. g4 Rd5 0-1

[Event "Tatry Open 2014"]
[Site "Tatranske Zruby SVK"]
[Date "2014.09.28"]
[Round "1.23"]
[White "Prandstetter, E."]
[Black "Hlinka, V."]
[Result "1-0"]
[WhiteElo "2273"]
[BlackElo "2113"]
[PlyCount "93"]
[EventDate "2014.09.28"]

1. e4 c5 2. Nf3 Nc6 3. d4 cxd4 4. Nxd4 e5 5. Nb5 d6 6. N1c3 a6 7. Na3 Be7 8.
Nd5 Nf6 9. Nxf6+ Bxf6 10. Nc4 Be7 11. Be3 Be6 12. Nb6 Rb8 13. Nd5 Bxd5 14. exd5
Nd4 15. Bxd4 exd4 16. Qxd4 O-O 17. c3 Bf6 18. Qd2 Re8+ 19. Be2 Qe7 20. Kf1 Bg5
21. Qd1 b5 22. Rb1 b4 23. c4 b3 24. axb3 Rxb3 25. Bd3 Reb8 26. g3 Rxb2 27. Rxb2
Rxb2 28. Kg2 Be3 29. Bc2 Bxf2 30. Qd3 Qe3 31. Qxh7+ Kf8 32. Rf1 Be1 33. Qf5 Qe8
34. Kh1 Bc3 35. Ba4 g6 36. Qf3 Qe7 37. Qxc3 Qe4+ 38. Qf3 Qxf3+ 39. Rxf3 Rb1+
40. Kg2 Rb2+ 41. Rf2 Rb4 42. Bc2 Kg7 43. Bd3 a5 44. Ra2 a4 45. Kf3 Rb3 46. Ke4
a3 47. Kd4 1-0

[Event "Tatry Open 2014"]
[Site "Tatranske Zruby SVK"]
[Date "2014.09.28"]
[Round "1.24"]
[White "Marczuk, D."]
[Black "Najgebauer, S."]
[Result "1/2-1/2"]
[WhiteElo "2110"]
[BlackElo "2273"]
[PlyCount "165"]
[EventDate "2014.09.28"]

1. e4 c5 2. Nf3 Nc6 3. Nc3 Nf6 4. Bb5 Qc7 5. O-O Nd4 6. Nxd4 cxd4 7. Nd5 Nxd5
8. exd5 g6 9. d3 a6 10. Ba4 Bg7 11. Re1 b5 12. Bb3 d6 13. Qe2 Ra7 14. Bg5 h6
15. Bh4 g5 16. Bg3 Bf5 17. f4 Bf6 18. fxg5 hxg5 19. Rf1 Qd7 20. a4 b4 21. a5
O-O 22. Ba4 Qc8 23. Bxd6 exd6 24. Qf3 Be5 25. Qxf5 Qxf5 26. Rxf5 f6 27. Bc6 Kg7
28. h3 Rb8 29. b3 Re7 30. Rf3 Kg6 31. g4 Bf4 32. Kf2 Rh8 33. Ra4 Rb8 34. Ra1
Rh8 35. Ra4 Bd2 36. Ra1 Rhh7 37. Rf1 Bf4 38. Kg2 Re5 39. R1f2 Rc7 40. Rf1 Rce7
41. R1f2 Rh7 42. Rf1 f5 43. gxf5+ Kxf5 44. R1f2 Ree7 45. Kf1 Re3 46. Ba4 Ke5
47. Bc6 Rxh3 48. Rxh3 Rxh3 49. Bb7 Rh7 50. Bxa6 Ra7 51. Bc8 Rxa5 52. Be6 Ra1+
53. Kg2 Ra8 54. Re2+ Be3 55. Kg3 Rh8 56. Bh3 Kxd5 57. Bg2+ Ke5 58. Bh3 Kf6 59.
Kg2 Rh4 60. Bd7 g4 61. Re1 Kg5 62. Rf1 Bf4 63. Rh1 Rxh1 64. Kxh1 Be5 65. Kg2
Kf4 66. Kf2 Bf6 67. Be6 Bh4+ 68. Ke2 Kg3 69. Bd7 Bg5 70. Be6 Be3 71. Bd7 Kh4
72. Be6 Kg5 73. Bd5 Kf4 74. Bc6 Kg3 75. Bd7 Kh3 76. Be6 Kh4 77. Bd5 Kg3 78. Bc6
Bg5 79. Bd5 Kf4 80. Bg2 Kg3 81. Bd5 Kh2 82. Kf1 Bd2 83. Be4 1/2-1/2

[Event "Tatry Open 2014"]
[Site "Tatranske Zruby SVK"]
[Date "2014.09.28"]
[Round "1.25"]
[White "Certek, P."]
[Black "Brhel, J."]
[Result "1/2-1/2"]
[WhiteElo "2267"]
[BlackElo "2108"]
[PlyCount "70"]
[EventDate "2014.09.28"]

1. d4 Nf6 2. c4 g6 3. g3 c5 4. Nf3 cxd4 5. Nxd4 Nc6 6. Bg2 Bg7 7. Nc3 O-O 8.
O-O a6 9. c5 Nxd4 10. Qxd4 Nh5 11. Qb4 a5 12. Qc4 d6 13. cxd6 Qxd6 14. Rd1 Be6
15. Qb5 Qb4 16. Qxb7 Rad8 17. Be3 Qxb7 18. Bxb7 Rb8 19. Bf3 Rxb2 20. Bd4 Nf6
21. Rab1 Rfb8 22. Rxb2 Rxb2 23. Nd5 Rxa2 24. Nxe7+ Kf8 25. Bc5 Nd7 26. Bd6 Ke8
27. Nc6 a4 28. Nd4 Bb3 29. Rc1 Nb6 30. Bc6+ Kd8 31. Nb5 Nc4 32. Bc7+ Ke7 33.
Nc3 Bxc3 34. Rxc3 Rxe2 35. Bxa4 Bxa4 1/2-1/2

[Event "Tatry Open 2014"]
[Site "Tatranske Zruby SVK"]
[Date "2014.09.28"]
[Round "1.26"]
[White "Pcola, J."]
[Black "Borosova, Z."]
[Result "0-1"]
[WhiteElo "2107"]
[BlackElo "2263"]
[PlyCount "80"]
[EventDate "2014.09.28"]

1. Nf3 d5 2. c4 c6 3. d4 Nf6 4. Nc3 e6 5. e3 b6 6. Qc2 Bb7 7. b3 Nbd7 8. Bd3
Bd6 9. e4 dxe4 10. Nxe4 Nxe4 11. Bxe4 Nf6 12. Bg5 Bb4+ 13. Ke2 h6 14. Be3 Nxe4
15. Qxe4 Qe7 16. Rhd1 c5 17. Qg4 O-O 18. dxc5 f5 19. Qh3 e5 20. Kf1 Be4 21. Bd2
Bxc5 22. Bc3 Bd6 23. Nd2 Bc6 24. Nf3 Be4 25. Nd2 Bc6 26. Nf3 Qc7 27. a3 a5 28.
Kg1 Rad8 29. Re1 Bxf3 30. Qxf3 e4 31. Qh3 a4 32. Bb4 Bc5 33. Rad1 Rxd1 34. Rxd1
Rd8 35. Re1 axb3 36. Qxb3 Rd3 37. Qa4 Bd4 38. Qe8+ Kh7 39. Qe6 Qf4 40. Rf1
Qxf2+ 0-1